<?xml version="1.0" encoding="UTF-8"?>
<record
    xmlns:xsi="http://www.w3.org/2001/XMLSchema-instance"
    xsi:schemaLocation="http://www.loc.gov/MARC21/slim http://www.loc.gov/standards/marcxml/schema/MARC21slim.xsd"
    xmlns="http://www.loc.gov/MARC21/slim">

  <leader>01601nam a22002537a 4500</leader>
  <controlfield tag="001">9635</controlfield>
  <controlfield tag="003">FISKH</controlfield>
  <controlfield tag="005">20260127094036.0</controlfield>
  <controlfield tag="008">260127b        cb ||||| |||| 00| 0 eng d</controlfield>
  <datafield tag="020" ind1=" " ind2=" ">
    <subfield code="a">9781529360462</subfield>
  </datafield>
  <datafield tag="040" ind1=" " ind2=" ">
    <subfield code="a">FISKH</subfield>
    <subfield code="b">eng</subfield>
    <subfield code="c">FISKH</subfield>
    <subfield code="d">FISKH</subfield>
  </datafield>
  <datafield tag="050" ind1=" " ind2=" ">
    <subfield code="a">PZ7 .N64</subfield>
  </datafield>
  <datafield tag="082" ind1=" " ind2=" ">
    <subfield code="a">823.92</subfield>
  </datafield>
  <datafield tag="100" ind1=" " ind2=" ">
    <subfield code="a">Noni, Lynette </subfield>
  </datafield>
  <datafield tag="245" ind1=" " ind2=" ">
    <subfield code="a">The blood traitor /</subfield>
    <subfield code="c">Lynette Noni</subfield>
  </datafield>
  <datafield tag="250" ind1=" " ind2=" ">
    <subfield code="a">This edition publishe in 2024 </subfield>
  </datafield>
  <datafield tag="260" ind1=" " ind2=" ">
    <subfield code="a">London : </subfield>
    <subfield code="b">Hodder Scape, </subfield>
    <subfield code="c">2022 </subfield>
  </datafield>
  <datafield tag="300" ind1=" " ind2=" ">
    <subfield code="a">341 pages : </subfield>
    <subfield code="c">20 cm </subfield>
  </datafield>
  <datafield tag="490" ind1=" " ind2=" ">
    <subfield code="a">The Prison Healer : </subfield>
    <subfield code="v">Book 3 </subfield>
  </datafield>
  <datafield tag="520" ind1=" " ind2=" ">
    <subfield code="a">She'd failed them. All of them. And now she was paying the price.

Kiva thought she knew what she wanted&#x97;revenge. But feelings change, people change . . . everything has changed.

After what happened at the palace, Kiva is desperate to know if her friends and family are safe, and whether those she wronged can ever forgive her. But with the kingdoms closer to the brink of war than they've ever been, and Kiva far away from the conflict, more is at stake than her own broken heart.

A fresh start will mean a perilous quest, forcing mortal enemies and uneasy allies together in a race against the clock to save not just Evalon, but all of Wenderall. With her loyalties now set, Kiva can no longer just survive&#x97;she must fight for what she believes in. For who she believes in. But with danger coming from every side, and the lives of everyone she loves at risk, does she have what it takes to stand, or will she fall?
</subfield>
  </datafield>
  <datafield tag="650" ind1=" " ind2=" ">
    <subfield code="a">Fantasy</subfield>
    <subfield code="v">Romance</subfield>
    <subfield code="x">Young Adult</subfield>
    <subfield code="y">Prison Healer</subfield>
  </datafield>
  <datafield tag="942" ind1=" " ind2=" ">
    <subfield code="2">ddc</subfield>
    <subfield code="c">BK</subfield>
    <subfield code="n">0</subfield>
  </datafield>
  <datafield tag="999" ind1=" " ind2=" ">
    <subfield code="c">9635</subfield>
    <subfield code="d">9635</subfield>
  </datafield>
  <datafield tag="952" ind1=" " ind2=" ">
    <subfield code="0">0</subfield>
    <subfield code="1">0</subfield>
    <subfield code="2">ddc</subfield>
    <subfield code="4">0</subfield>
    <subfield code="7">0</subfield>
    <subfield code="8">FIC</subfield>
    <subfield code="a">001</subfield>
    <subfield code="b">001</subfield>
    <subfield code="c">ATKSF</subfield>
    <subfield code="d">2026-01-27</subfield>
    <subfield code="l">0</subfield>
    <subfield code="o">NON  823.92 PZ7 .N64 </subfield>
    <subfield code="p">2026-0151</subfield>
    <subfield code="r">2026-01-27 09:40:27</subfield>
    <subfield code="t">1</subfield>
    <subfield code="w">2026-01-27</subfield>
    <subfield code="y">BK</subfield>
  </datafield>
</record>
